000 01172naa a22003017a 4500
001 BR8900999
003 BR-BrBNA
005 20250721155347.0
007 ta
008 250630b bl.|||m| |||| 00| 0 por d
040 _aBR-BrBNA
_bpor
_cBiblioteca Nacional de Agricultura
041 _a(Pt)
072 _aF08; E16
_b0120
_bG514
090 _aF08 BR8900999
100 1 _aFerreira, J.G.
100 1 _aMelo, P.C. de
100 1 _aMorais, A.R. de
111 1 _a16. Congresso Nacional de Milho e Sorgo
_cBelo Horizonte, MG (Brazil)
_d4-8 Aug 1986
245 1 _aSistemas de producao utilizados pelos produtores de milho, em Passos, Minas Gerais
500 _a16. Congresso Nacional de Milho e Sorgo. Anais Sete Lagoas, MG (Brasil): 1988. p. 532-546 [Summaries (En, Pt); 8 tables; 10 ref.] (BR8900999-AMS)
773 0 _t16. Congresso Nacional de Milho e Sorgo. Anais
_wF08 BR8900999
_gSete Lagoas, MG (Brasil), 1988. p. 532-546
650 _aMILHO
650 _aPRATICA CULTURAL
650 _aPRODUTIVIDADE
490 _aDocumentos - Centro Nacional de Pesquisa de Milho e Sorgo (Brazil)
_vno. 6
942 _cAMS
_2AGRIS
909 _a202506
_bLúcia
_c55
_dLúcia Elande
999 _c336062
_d336062